01467nam a22002657a 4500999001700000003000900017008004100026040007100067082002400138110003700162245005700199260004600256300002400302505014300326650003100469650002900500942001600529945000800545952010300553952010900656952010900765952010900874952010900983952010901092  c11171d11171AR-CdUCM190403b           ||||| |||| 00| 0 spa d  aMUNICIPALIDAD PROVINCIAL DEL CUSCOcBIBLIOTECA MUNICIPAL DEL CUSCO  aEP / 372.510 /bM61  aMinisterio de educación.97870  aMatematica :bTexto escolar básico, primer grado /  aLima :bMinisterio de educación,c1988.  a153 paginasc24 cm.  aContenido :Los números naturales menores que 10 -- Los números naturales menores que 20 -- Los números naturales menores que 100 ...  aEducación primaria91561  aMatemática pura920304  2ddccLIBROS  arum  002ddc4070aSIbSIcCHILDd2019-04-03g13.00oEP / 372.510 / M61pSI00001078r2019-04-03yLIBROS  002ddc4070aSIbSIcCHILDd2019-04-08g13.00oEP / 372.510 / M61 / e.2pSI00001491r2019-04-08yLIBROS  002ddc4070aSIbSIcCHILDd2019-04-08g13.00oEP / 372.510 / M61 / e.3pSI00001492r2019-04-08yLIBROS  002ddc4070aSIbSIcCHILDd2019-04-08g13.00oEP / 372.510 / M61 / e.4pSI00001493r2019-04-08yLIBROS  002ddc4070aSIbSIcCHILDd2019-04-08g13.00oEP / 372.510 / M61 / e.5pSI00001494r2019-04-08yLIBROS  002ddc4070aSIbSIcCHILDd2019-04-08g13.00oEP / 372.510 / M61 / e.6pSI00001460r2019-04-08yLIBROS